000 00757nam a2200241Ia 4500
005 20220119180045.0
008 210716s2009 xx 000 0 und d
020 _a9788131704967
040 _cAIMIT LIBRARY
041 _aeng
082 _a001.42
_22
_bKUMR
100 _aKumar, Ranjit.
_913816
245 _aResearch methodology:
_bstep by step guide for beginners /
_cby Ranjit Kumar.
250 _a2nd. ed . -
260 _aNew Delhi:
_bPearson Education,
_c2009.
300 _axiv,332p. ; 24 cm.
650 _aResearch Methodology.
_913817
650 _aResearch Design.
_913830
650 _aMethod of Data Collection.
_913831
650 _aProcessing Data.
_913832
650 _aDisplaying Data.
_913833
942 _2ddc
_cBK
_e2nd
_k001.42 KUMR
999 _c206161
_d206161